Southville International School and Colleges
Your cart is empty.
  • Cart
  • Lists
    Public lists Eva Luna New books Lux_list list_1
    Your lists Log in to create your own lists
  • Log in to your account
  • Your cookies
  • Search history
Southville International School and Colleges
  • Advanced search
  • Recent comments
  • Most popular
  • Libraries

Log in to your account

Log in with GOOGLE


If you do not have an external account, but do have a local account, you can still log in:

  1. Home
  2. MARC view: The trainee handbook :
Normal view MARC view ISBD view

The trainee handbook : (Record no. 25305)

[ view plain ]
MARC details
000 -LEADER
fixed length control field 01227nam a2200265 a 4500
003 - CONTROL NUMBER IDENTIFIER
control field PILC
005 - DATE AND TIME OF LATEST TRANSACTION
control field 20160215080833.0
008 - FIXED-LENGTH DATA ELEMENTS--GENERAL INFORMATION
fixed length control field 120903s19uu xx 00 eng d
020 ## - INTERNATIONAL STANDARD BOOK NUMBER
International Standard Book Number 9781849206266
050 ## - LIBRARY OF CONGRESS CALL NUMBER
Classification number BF 637.C6
Item number .T682 2011
100 ## - MAIN ENTRY--PERSONAL NAME
Personal name Bor, Robert.
245 ## - TITLE STATEMENT
Title The trainee handbook :
Remainder of title a guide for counselling and psychotherapy trainees /
Statement of responsibility, etc edited by Robert Bor and Mary Watts.
250 ## - EDITION STATEMENT
Edition statement 3rd edition.
260 ## - PUBLICATION, DISTRIBUTION, ETC. (IMPRINT)
Place of publication, distribution, etc Los Angeles ; London :
Name of publisher, distributor, etc SAGE,
Date of publication, distribution, etc 2011.
300 ## - PHYSICAL DESCRIPTION
Extent 382 pages ;
Dimensions 26 cm.
500 ## - GENERAL NOTE
General note Includes bibliographical references and index.
520 ## - SUMMARY, ETC.
Summary, etc A companion to training in counselling, counselling psychology, and psychotherapy, this book identifies the broader knowledge and skills you needed to succeed in training. It examines issues which affect practitioners in the early stages of professional development and is intended for those undertaking training in one of the therapy professions.
650 ## - SUBJECT ADDED ENTRY--TOPICAL TERM
Topical term or geographic name as entry element Education, Graduate
General subdivision Great Britain.
650 ## - SUBJECT ADDED ENTRY--TOPICAL TERM
Topical term or geographic name as entry element Psychotherapy
General subdivision Education
-- Great Britain.
650 ## - SUBJECT ADDED ENTRY--TOPICAL TERM
Topical term or geographic name as entry element Counseling
General subdivision Education
-- Great Britain.
650 ## - SUBJECT ADDED ENTRY--TOPICAL TERM
Topical term or geographic name as entry element Counseling
General subdivision Handbooks, manuals, etc.
700 ## - ADDED ENTRY--PERSONAL NAME
Personal name Watts, Mary H.
942 ## - ADDED ENTRY ELEMENTS (KOHA)
Koha item type Books
Source of classification or shelving scheme Library of Congress Classification
Call number prefix Foreign
Holdings
Withdrawn status Lost status Source of classification or shelving scheme Damaged status Home library Current library Shelving location Date acquired Source of acquisition Cost, normal purchase price Total Checkouts Total Renewals Full call number Barcode Date last seen Date checked out Copy number Price effective from Koha item type
    Library of Congress Classification   College Library College Library General Circulation Section 09/03/2012 Donation 3155.00 2 5 BF 637.C6 .T682 2011 C15320 05/15/2018 07/07/2017 1 10/18/2013 Books

The trainee handbook :

APA

Bor R., Watts M. H., . (2011). The trainee handbook. Los Angeles ; London: SAGE.

Chicago

Bor Robert, Watts Mary H, . 2011. The trainee handbook. Los Angeles ; London: SAGE.

Harvard

Bor R., Watts M. H., . (2011). The trainee handbook. Los Angeles ; London: SAGE.

MLA

Bor Robert, Watts Mary H, . The trainee handbook. Los Angeles ; London: SAGE. 2011.

  • Place hold
  • Print
  • Cite
  • Add to your cart (remove)
  • Save record
    BIBTEX Dublin Core MARCXML MARC (non-Unicode/MARC-8) MARC (Unicode/UTF-8) MARC (Unicode/UTF-8, Standard) MODS (XML) RIS
  • More searches
    Search for this title in:
    Other Libraries (WorldCat) Other Databases (Google Scholar) Online Stores (Bookfinder.com) Open Library (openlibrary.org)

Exporting to Dublin Core...

SOUTHVILLE LIBRARY

Southville International School and Colleges Library

1281 Tropical Ave. Cor. Luxembourg St., BF Homes International, Las Pinas City

Tel. No. 8256374 / 252358 Loc. 117/146

Powered by Koha